Southville International School and Colleges
Your cart is empty.
  • Cart
  • Lists
    Public lists Eva Luna New books Lux_list list_1
    Your lists Log in to create your own lists
  • Log in to your account
  • Your cookies
  • Search history
Southville International School and Colleges
  • Advanced search
  • Recent comments
  • Most popular
  • Libraries

Log in to your account

Log in with GOOGLE


If you do not have an external account, but do have a local account, you can still log in:

  1. Home
  2. MARC view: Administration of schools for young children /
Normal view MARC view ISBD view

Administration of schools for young children / (Record no. 102218)

[ view plain ]
MARC details
000 -LEADER
fixed length control field 00697nam a2200205 a 4500
005 - DATE AND TIME OF LATEST TRANSACTION
control field 20140412111232.0
008 - FIXED-LENGTH DATA ELEMENTS--GENERAL INFORMATION
fixed length control field 010522s19uu xx 00 eng d
020 ## - INTERNATIONAL STANDARD BOOK NUMBER
International Standard Book Number 0-8273-5876-8
050 ## - LIBRARY OF CONGRESS CALL NUMBER
Classification number TR(GS 372.21
Item number C55 1995
100 ## - MAIN ENTRY--PERSONAL NAME
Personal name Click, Phyllis M.
245 ## - TITLE STATEMENT
Title Administration of schools for young children /
Statement of responsibility, etc Phyllis M. Click.
250 ## - EDITION STATEMENT
Edition statement 4th edition
260 ## - PUBLICATION, DISTRIBUTION, ETC. (IMPRINT)
Place of publication, distribution, etc Albany :
Name of publisher, distributor, etc Delmar Publishers,
Date of publication, distribution, etc 1995.
300 ## - PHYSICAL DESCRIPTION
Extent 411p. ; ill.
500 ## - GENERAL NOTE
General note Includes bibliographical references and index.
650 ## - SUBJECT ADDED ENTRY--TOPICAL TERM
Topical term or geographic name as entry element Nursery schools-United States-Administration
650 ## - SUBJECT ADDED ENTRY--TOPICAL TERM
Topical term or geographic name as entry element Day care centers-United States-Administration
650 ## - SUBJECT ADDED ENTRY--TOPICAL TERM
Topical term or geographic name as entry element Early childhood education-United States
Holdings
Withdrawn status Lost status Damaged status Home library Current library Shelving location Date acquired Source of acquisition Total Checkouts Full call number Barcode Date last seen Price effective from Koha item type
      Elizalde Library Elizalde Library Teachers Reference Section 05/22/2001     TR(GS 372.21 C55 1995 E0865 04/12/2014 04/12/2014 Books

Administration of schools for young children /

APA

Click P. M., . (1995). Administration of schools for young children. Albany: Delmar Publishers.

Chicago

Click Phyllis M, . 1995. Administration of schools for young children. Albany: Delmar Publishers.

Harvard

Click P. M., . (1995). Administration of schools for young children. Albany: Delmar Publishers.

MLA

Click Phyllis M, . Administration of schools for young children. Albany: Delmar Publishers. 1995.

  • Place hold
  • Print
  • Cite
  • Add to your cart (remove)
  • Save record
    BIBTEX Dublin Core MARCXML MARC (non-Unicode/MARC-8) MARC (Unicode/UTF-8) MARC (Unicode/UTF-8, Standard) MODS (XML) RIS
  • More searches
    Search for this title in:
    Other Libraries (WorldCat) Other Databases (Google Scholar) Online Stores (Bookfinder.com) Open Library (openlibrary.org)

Exporting to Dublin Core...

SOUTHVILLE LIBRARY

Southville International School and Colleges Library

1281 Tropical Ave. Cor. Luxembourg St., BF Homes International, Las Pinas City

Tel. No. 8256374 / 252358 Loc. 117/146

Powered by Koha